000 01127nam a22002537a 4500
005 20110826112414.0
010 _aG-001061
020 _c50.00
_a
035 _aG-001061
037 _bजी पब्लिकेशन्स
_a
082 _a
100 _aभट्टाचार्य, एस.पी.
_933753
245 _aदूसरा चांद /
_cएस.पी. भट्टाचार्य
_b
260 _aनई दिल्ली
_bजी पब्लिकेशन्स
_c2009
270 _a39, एन.पी.एल.,अपार्टमेंट, एच.-3 ब्लाक, विकासपुरी
_bनई दिल्ली
_c
_k
_e110018
300 _a40पृ
_c21 सेमी (अजिल्द)
_bसचित्र
500 _a
650 _a
_933754
650 _a
_933755
700 _a
_933649
942 _adpl
_cCH
_2ddc
_mभट्टाचा
_h
999 _c56009
_d56009